| 000 | 00699nam a2200217Ia 4500 | ||
|---|---|---|---|
| 999 |
_c64756 _d64756 |
||
| 003 | GCL | ||
| 005 | 20240530110749.0 | ||
| 008 | 140319s9999 xx 000 0 ara d | ||
| 040 |
_aGCL / _cGCL |
||
| 082 | 0 | 4 |
_a210.9 \ _bا ب |
| 100 | 1 | _aاحمد حسن الباقورى | |
| 245 | 1 | 0 |
_aبقايا ذكريات / _cاحمد حسن الباقورى |
| 260 |
_a[S.N] : _bمركز الاهرام للترجمة والنشر ، _c1988 |
||
| 300 | _a255 ص | ||
| 650 | 0 | 4 | _aالاسلام |
| 650 | 0 | 4 | _aالشريعة الاسلامية |
| 650 | 0 | 4 | _aالاسلام والسياسة |
| 650 | 0 | 4 | _aاحمد حسن الباقورى |
| 650 | 0 | 4 | _aالاخوان المسلمون |
| 942 |
_2ddc _cBK |
||